000 00958pam a2200277 a 4500
001 4018468
003 NUST - PNEC
005 20170116181132.0
008 971028s1998 inu 001 0 eng
010 _a 97043430
020 _a0139010424 (case)
040 _aDLC
_cLIBRARY
_dDLC
050 0 0 _aQC381
_b.N85 1998
082 0 0 _a681.4 NUS
_221
100 1 _aNussbaum, Allen.
245 1 0 _aOptical system design /
_cAllen Nussbaum.
260 _aUpper Saddle River, NJ :
_bPrentice Hall PTR,
_cc1998.
300 _axiii, 203 p. ;
_c24 cm.
500 _aIncludes index.
650 0 _aGeometrical optics.
_xME
650 0 _aOptical instruments
_xDesign and construction.
650 0 _aMatrices.
906 _a7
_bcbc
_corignew
_d1
_eocip
_f19
_gy-gencatlg
942 _2ddc
_cBK
999 _c70004
_d70004